Zvolen

Bibliographic Details
Format: Photo
Language:Slovak
Published: Banská Bystrica Luna [1930]
Subjects:

MARC

LEADER 00000nkm a2200000 a 4500
001 vtls010072709
003 SK-MaSNL
005 20260301030538.0
007 kf bo
008 231206s xo 000 g knslo
040 |a SNK  |b slo  |c SNK  |e AACR2 
041 0 |a slo 
043 |a e-xo--- 
044 |a xo  |c SK 
245 0 0 |a Zvolen  |h grafika 
260 |a Banská Bystrica  |b Luna  |c [1930] 
300 |a 1 pohľadnica  |b čiernobiela  |c 9 x 14 cm 
651 7 |a Slovensko  |2 SNKPH 
655 7 |a geografické pohľadnice  |2 SNKPH  |9 70522 
958 |a GC 
958 |a GBN 
999 |c 574635  |d 576565 
952 |a SNK  |b SNK  |y PREZ  |7 0  |p 17A0648686  |o snkSP 8868  |0 0  |1 0  |4 0  |d 2010-03-08  |l 0  |r 2026-02-23 14:28:47  |w 2026-02-23